000 00524nam a2200181Ia 4500
003 GCL
008 140319s9999 xx 000 0 eng d
040 _aGCL /
_cGCL
082 0 4 _a813.209
_bT S
100 1 _aTOMPKING, JANE
245 1 0 _aSENSATIONAL DESIGNS: THE CULTURE WORK OF AMERICAN FICTION 1790-1860 /
_cTOMPKING, JANE
260 _a[S.N] :
_bOXFORD UNIVERSITY PRESS ،
_c1985
300 _a236 P
650 0 4 _aنايل سات
650 0 4 _aHISTORY AND CRITICISM
650 0 4 _aAMERICAN FICTION
942 _2ddc
_cBK
999 _c12646
_d12646